[Event "Open Ouest 2013/2014"]
[Site "Vitrolles"]
[Date "2014.02.15"]
[Round "6"]
[White "Bouriel, Michel"]
[Black "Mars, Fiona"]
[Result "0-1"]
[WhiteElo "1562"]
[BlackElo "1460"]
[PlyCount "112"]

1. c4 Nf6 2. Nc3 g6 3. Nf3 Bg7 4. g3 O-O 5. Bg2 d6 6. O-O c5 7. d3 Nc6 8. a3 a5
9. Rb1 e5 10. Bg5 Qe8 11. Nb5 Qd7 12. Nd2 Ne8 13. Ne4 h6 14. Be3 f5 15. Nec3
Nd4 16. Bxd4 cxd4 17. Nd5 Ra6 18. a4 b6 19. Qb3 Bb7 20. c5 Bxd5 21. Bxd5+ Kh8
22. Be6 Qc6 23. cxb6 Rxb6 24. Rfc1 Qb7 25. Bd5 Qe7 26. Qc4 Nf6 27. Nc7 Rc8 28.
Bg2 Rb4 29. Qc6 Ne8 30. Nd5 Rxc6 31. Nxe7 Rxc1+ 32. Rxc1 Kh7 33. Rc8 Nf6 34.
Nd5 Rxb2 35. Nxf6+ Bxf6 36. Rc7+ Bg7 37. Bf3 Rb4 38. Rc4 e4 39. Bh1 d5 40. Rc5
Rxa4 41. Rxd5 Ra1+ 42. Kg2 a4 43. h4 a3 44. Ra5 Ra2 45. Kf1 Ra1+ 46. Kg2 Bf8
47. Ra7+ Kg8 48. Ra6 Ra2 49. Rxg6+ Kf7 50. Ra6 Rxe2 51. Kf1 Rd2 52. dxe4 d3 53.
exf5 Rd1+ 54. Kg2 d2 55. Ra7+ Kf6 56. Kh2 Rxh1+ 0-1

[Event "Open Ouest 2013/2014"]
[Site "Vitrolles"]
[Date "2014.02.15"]
[Round "6"]
[White "Person, Claude"]
[Black "Misene, Milan"]
[Result "0-1"]
[WhiteElo "1323"]
[BlackElo "1400"]
[PlyCount "82"]

1. f4 d6 2. e4 Nf6 3. d3 Nc6 4. c3 e5 5. f5 d5 6. Qe2 dxe4 7. dxe4 Be7 8. g3 b6
9. Bg2 Bb7 10. Nd2 g6 11. g4 g5 12. Nb3 a5 13. a3 a4 14. Nd2 Ba6 15. Qf3 Qd3
16. h3 Qxf3 17. Ngxf3 h6 18. Bf1 Bxf1 19. Kxf1 O-O 20. Kg2 Rfd8 21. Re1 Bc5 22.
Re2 Rd3 23. Nc4 Re8 24. Bd2 b5 25. Ne3 Nxe4 26. Bc1 Red8 27. Rb1 f6 28. b4 Nxc3
29. bxc5 Nxe2 30. Kf2 Nxc1 31. Rxc1 e4 32. Ng1 Rxa3 33. Rc2 Rdd3 34. Re2 Rxe3
35. Rxe3 Rxe3 36. Kxe3 a3 37. Kxe4 a2 38. Kd5 Ne5 39. c6 a1=Q 40. Kc5 Qa4 41.
Kd5 Qc4# 0-1

[Event "Open Ouest 2013/2014"]
[Site "Vitrolles"]
[Date "2014.02.15"]
[Round "6"]
[White "Estevez, Ange"]
[Black "Mars, Theo"]
[Result "1-0"]
[WhiteElo "1595"]
[BlackElo "1120"]
[PlyCount "65"]

1. e4 c6 2. d4 d5 3. exd5 cxd5 4. Bd3 Nf6 5. Nf3 Bg4 6. Bf4 Nc6 7. c3 e6 8.
Nbd2 Bd6 9. Bxd6 Qxd6 10. O-O O-O 11. Qc2 Ne7 12. Ne5 Bf5 13. f4 Bxd3 14. Qxd3
Nd7 15. Qh3 Nxe5 16. fxe5 Qb6 17. Rab1 Qa6 18. a3 Nf5 19. g4 Nh6 20. Rf2 Qb6
21. Kh1 Qd8 22. g5 Qxg5 23. Rg2 Qf4 24. Rf1 Qxf1+ 25. Nxf1 Nf5 26. Ne3 Nxe3 27.
Qxe3 g6 28. h4 Kg7 29. h5 Rh8 30. h6+ Kf8 31. Qg5 Ke8 32. Qf6 Rg8 33. Rf2 1-0

[Event "Open Ouest 2013/2014"]
[Site "Vitrolles"]
[Date "2014.02.15"]
[Round "6"]
[White "Porte, Jacques"]
[Black "Bertrand, Nicolas"]
[Result "1-0"]
[WhiteElo "1499"]
[BlackElo "1462"]
[PlyCount "101"]

1. d4 d5 2. Nf3 e6 3. Bg5 Be7 4. Bxe7 Nxe7 5. e3 O-O 6. Bd3 b6 7. Nbd2 Ba6 8.
Bxh7+ Kh8 9. Bd3 g6 10. Ne5 Kg7 11. Bxa6 Nxa6 12. Qe2 Nb4 13. Ndf3 c5 14. dxc5
bxc5 15. h4 Qa5 16. c3 Nbc6 17. Nxc6 Nxc6 18. Nd2 c4 19. f4 f5 20. Nf3 Rh8 21.
Ng5 Kf6 22. Kf2 Rh6 23. g3 Rb8 24. Nf3 Qb6 25. Rab1 Qa5 26. a3 Qa4 27. Nd4 Nxd4
28. exd4 Re8 29. Qe5+ Kf7 30. Rhe1 Qb5 31. Qc7+ Re7 32. Qd6 Qd7 33. Qxd7 Rxd7
34. b4 Rh8 35. Kf3 Kf6 36. b5 Rb7 37. a4 Rhb8 38. Re2 Re8 39. a5 Reb8 40. Reb2
Kf7 41. b6 a6 42. Re2 Re8 43. g4 Kf6 44. gxf5 gxf5 45. Rg1 Rf8 46. Reg2 Rff7
47. h5 Ke7 48. h6 Kf6 49. Rg6+ Ke7 50. h7 Rb8 51. Rg8 1-0

[Event "Open Ouest 2013/2014"]
[Site "Vitrolles"]
[Date "2014.03.15"]
[Round "7"]
[White "Mars, Florence"]
[Black "Porte, Jacques"]
[Result "0-1"]
[WhiteElo "1210"]
[BlackElo "1491"]
[PlyCount "42"]

1. e4 c5 2. c4 d6 3. Nc3 Nf6 4. Nf3 g6 5. d4 cxd4 6. Nxd4 Nc6 7. Nxc6 bxc6 8.
Be2 Bg7 9. O-O O-O 10. Rb1 Bb7 11. Be3 e6 12. f4 Qc7 13. Qd2 Rad8 14. Bxa7 c5
15. Nb5 Qc6 16. Bf3 Qa6 17. b3 Bc6 18. a4 Bxb5 19. cxb5 Qxa7 20. Qe3 Nd5 21.
exd5 Bd4 0-1

[Event "Open Ouest 2013/2014"]
[Site "Vitrolles"]
[Date "2014.03.15"]
[Round "7"]
[White "Mars, Fiona"]
[Black "Chabaud, Philippe"]
[Result "1/2-1/2"]
[WhiteElo "1460"]
[BlackElo "1499"]
[PlyCount "85"]

1. e4 e6 2. d4 d5 3. Nd2 c5 4. c3 Nc6 5. Ne2 Bd7 6. e5 cxd4 7. cxd4 Bb4 8. a3
Ba5 9. b4 Bb6 10. Nf3 Nge7 11. Ng3 O-O 12. Bd3 Nf5 13. Nxf5 exf5 14. Bb2 f4 15.
O-O Bg4 16. Be2 Ne7 17. Qd2 Ng6 18. Ne1 Qg5 19. Bxg4 Qxg4 20. h3 Qf5 21. Qd3
Nh4 22. Qxf5 Nxf5 23. Nf3 Rac8 24. Rac1 Rc7 25. Rxc7 Bxc7 26. Rc1 Bb6 27. a4 a5
28. bxa5 Bxa5 29. Rc5 b6 30. Rxd5 h6 31. Bc1 g5 32. Bd2 Bxd2 33. Nxd2 Ra8 34.
Nf3 Rxa4 35. Kh2 b5 36. Rxb5 Nxd4 37. Nxd4 Rxd4 38. Rb6 Re4 39. Rxh6 Rxe5 40.
Rh5 Kg7 41. h4 f6 42. hxg5 fxg5 43. Kh3 1/2-1/2

[Event "Open Ouest 2013/2014"]
[Site "Vitrolles"]
[Date "2014.03.15"]
[Round "7"]
[White "Mars, Theo"]
[Black "Bouriel, Michel"]
[Result "1-0"]
[WhiteElo "1150"]
[BlackElo "1554"]
[PlyCount "65"]

1. c4 c5 2. Nc3 g6 3. g3 Bg7 4. Bg2 Nf6 5. e3 O-O 6. Nge2 d6 7. O-O Be6 8. Bxb7
Na6 9. Bxa8 Qxa8 10. Nf4 Bxc4 11. d3 Bd5 12. Ncxd5 Nxd5 13. Nxd5 Qxd5 14. a3
Rb8 15. Rb1 Nc7 16. b4 cxb4 17. Rxb4 Rxb4 18. axb4 Nb5 19. Qc2 Qf3 20. Bb2 e5
21. e4 Nd4 22. Bxd4 exd4 23. Qd1 Qf6 24. Kg2 Qd8 25. Qc2 Qb6 26. Qc4 Bf8 27. b5
Be7 28. Ra1 Bd8 29. Qc6 Qxc6 30. bxc6 Bb6 31. Rc1 Bc7 32. Rb1 Bb6 33. Rxb6 1-0

[Event "Open Ouest 2013/2014"]
[Site "Vitrolles"]
[Date "2014.03.15"]
[Round "7"]
[White "Misene, Milan"]
[Black "Estevez, Ange"]
[Result "0-1"]
[WhiteElo "1430"]
[BlackElo "1587"]
[PlyCount "52"]

1. e4 e5 2. Nf3 Nc6 3. Bb5 a6 4. Ba4 Nf6 5. O-O b5 6. Bb3 Be7 7. Re1 O-O 8. c3
d5 9. exd5 e4 10. dxc6 exf3 11. Qxf3 Bg4 12. Qe3 Bd6 13. h3 Re8 14. Qxe8+ Nxe8
15. d4 Bh5 16. Nd2 Nf6 17. Ne4 Nxe4 18. Rxe4 Bg6 19. Re1 Qf6 20. Be3 Kf8 21. d5
Re8 22. Re2 Qe5 23. g3 Qh5 24. Kg2 Qxe2 25. Bd1 Qxb2 26. Rc1 Rxe3 0-1

[Event "Open Ouest 2013/2014"]
[Site "Vitrolles"]
[Date "2014.03.15"]
[Round "7"]
[White "Bertrand, Nicolas"]
[Black "Person, Claude"]
[Result "1-0"]
[WhiteElo "1446"]
[BlackElo "1303"]
[PlyCount "121"]

1. c4 Nf6 2. Nc3 e6 3. e4 d6 4. d4 Be7 5. g3 c5 6. dxc5 dxc5 7. Qxd8+ Bxd8 8.
Bg2 e5 9. Nd5 Nc6 10. Be3 b6 11. Ne2 a5 12. Nec3 Ba6 13. b3 Ng4 14. O-O h6 15.
Nb5 Bxb5 16. cxb5 Nxe3 17. fxe3 Nb4 18. Rf2 Nxd5 19. exd5 Bg5 20. Re1 Rd8 21.
e4 h5 22. h4 Bf6 23. Rf5 Rd6 24. Ref1 Ke7 25. R1f2 g6 26. R5f3 Ra8 27. a4 Rc8
28. Bf1 Rf8 29. Bd3 Bg7 30. Kf1 Bh6 31. Ke2 Bc1 32. Kd1 Ba3 33. Kc2 Bb4 34. Rf1
f6 35. R3f2 Kf7 36. Rg2 Kg7 37. Rgf2 Rf7 38. Rg2 c4 39. bxc4 Bc5 40. g4 hxg4
41. Rxg4 Kh6 42. Rg2 Be3 43. Rh2 Bf4 44. Rg2 Rg7 45. Rfg1 Be3 46. Re1 Bd4 47.
Rf1 g5 48. hxg5+ Rxg5 49. Rh1+ Kg7 50. Rxg5+ fxg5 51. Be2 Rh6 52. Rxh6 Kxh6 53.
d6 Bc5 54. d7 Be7 55. c5 bxc5 56. b6 Bd8 57. b7 Bc7 58. b8=Q Bxb8 59. d8=Q Ba7
60. Qf6+ Kh7 61. Bc4 1-0

[Event "Open Ouest 2013/2014"]
[Site "Vitrolles"]
[Date "2014.03.29"]
[Round "8
[White "Estevez, Ange"]
[Black "Bertrand, Nicolas"]
[Result "1/2-1/2"]
[WhiteElo "1587"]
[BlackElo "1446"]
[PlyCount "53"]

1. e4 e5 2. Nf3 Nc6 3. Bc4 Bc5 4. c3 Nf6 5. d4 exd4 6. cxd4 Bb4+ 7. Nc3 Nxe4 8.
O-O Nxc3 9. bxc3 Be7 10. d5 Nb8 11. Re1 O-O 12. Qe2 Bf6 13. Bd3 h6 14. Qe4 g6
15. Bxh6 Bg7 16. Bxg7 Kxg7 17. Qe7 Qxe7 18. Rxe7 c6 19. c4 cxd5 20. cxd5 d6 21.
Rc1 Nd7 22. Rc7 Nb6 23. Be4 Kf6 24. h4 Nd7 25. Rexd7 Bxd7 26. Rxd7 Rab8 27. Rc7
1/2-1/2

[Event "Open Ouest 2013/2014"]
[Site "Vitrolles"]
[Date "2014.03.29"]
[Round "8
[White "Bouriel, Michel"]
[Black "Misene, Milan"]
[Result "1-0"]
[WhiteElo "1554"]
[BlackElo "1430"]
[PlyCount "107"]

1. c4 Nf6 2. Nc3 g6 3. g3 d6 4. Bg2 Bg7 5. Nf3 O-O 6. O-O c6 7. Re1 Nbd7 8. e4
Ne5 9. Nxe5 dxe5 10. b4 a6 11. Bb2 Bh6 12. d3 Nd7 13. Nb1 Qb6 14. a3 Bg7 15.
Nd2 Rd8 16. Nf3 f6 17. Qb3 Nc5 18. Qa2 Ne6 19. Rad1 c5 20. Bc3 Kh8 21. bxc5
Nxc5 22. Rb1 Qc7 23. d4 exd4 24. Nxd4 e5 25. Nc2 Bf8 26. Nb4 Nd3 27. Nd5 Rxd5
28. exd5 Nxe1 29. Rxe1 Rb8 30. f4 Bd6 31. fxe5 fxe5 32. Qb2 Bf5 33. Bxe5+ Kg8
34. Bxd6 Qxd6 35. Qb4 Qxb4 36. axb4 Kf7 37. Rf1 Ke7 38. c5 b6 39. Re1+ Kd7 40.
c6+ Kd6 41. h3 h5 42. Ra1 Ra8 43. Kf2 a5 44. b5 Re8 45. Rc1 Re7 46. Rc3 a4 47.
Bf3 Ra7 48. g4 hxg4 49. hxg4 a3 50. gxf5 a2 51. c7 a1=Q 52. c8=Q Qb2+ 53. Be2
Qb4 54. Qe6# 1-0

[Event "Open Ouest 2013/2014"]
[Site "Vitrolles"]
[Date "2014.03.27"]
[Round "8"]
[White "Chabaud, Philippe"]
[Black "Mars, Theo"]
[Result "1-0"]
[WhiteElo "1499"]
[BlackElo "1120"]
[PlyCount "63"]

1. d4 d5 2. c4 c6 3. e3 Nf6 4. Nc3 Bg4 5. f3 Bh5 6. Bd3 e6 7. Nge2 Be7 8. Qc2
dxc4 9. Bxc4 Bg6 10. e4 Qa5 11. Bd2 Qc7 12. O-O-O O-O 13. h4 Nbd7 14. Bd3 c5
15. e5 Bxd3 16. Qxd3 Nd5 17. Nxd5 exd5 18. Kb1 cxd4 19. Qxd4 Qxe5 20. Qxe5 Nxe5
21. Bc3 Ng6 22. h5 Nh4 23. Rxd5 Nxg2 24. Rg1 f6 25. Rxg2 Rfd8 26. Rxd8+ Rxd8
27. Nd4 Rd5 28. Ne6 Kf7 29. Nxg7 Bf8 30. h6 Bd6 31. Rg4 Bc5 32. Rc4 1-0

[Event "Open Ouest 2013/2014"]
[Site "Vitrolles"]
[Date "2014.03.27"]
[Round "8
[White "Mars, Florence"]
[Black "Mars, Fiona"]
[Result "0-1"]
[WhiteElo "1210"]
[BlackElo "1460"]
[PlyCount "108"]

1. e4 e5 2. Nf3 Nc6 3. d4 exd4 4. Nxd4 Bc5 5. Be3 Qf6 6. c3 Nge7 7. Bc4 Ne5 8.
Be2 Qg6 9. O-O O-O 10. f4 N5c6 11. f5 Qf6 12. Qd2 d5 13. Nb5 Bxe3+ 14. Qxe3 Qe5
15. Qg3 Qxg3 16. hxg3 dxe4 17. Nxc7 Rb8 18. g4 Rd8 19. Na3 Nd5 20. Nxd5 Rxd5
21. Rad1 Rd7 22. Rf4 Re7 23. Kf2 e3+ 24. Kf3 Bd7 25. Re4 Rbe8 26. Rxe7 Rxe7 27.
Nc2 Ne5+ 28. Kxe3 Nxg4+ 29. Kf3 h5 30. Bf1 Bxf5 31. Nd4 Be4+ 32. Kf4 Bg6 33.
Bd3 Bxd3 34. Rxd3 Nf2 35. Re3 Rxe3 36. Kxe3 Nd1+ 37. Kd2 Nxb2 38. Nf5 Nc4+ 39.
Kd3 Ne5+ 40. Ke4 Nc6 41. Nd4 Ne7 42. Nb5 f5+ 43. Kf4 a6 44. Nd6 Nd5+ 45. Kxf5
Nxc3 46. a3 Nb5 47. Nxb5 axb5 48. Kg5 Kf7 49. Kxh5 g6+ 50. Kg5 Kg7 51. g3 b6
52. g4 Kf7 53. Kh6 Kf6 54. g5+ Kf5 0-1

[Event "Open Ouest 2013/2014"]
[Site "Vitrolles"]
[Date "2014.04.12"]
[Round "9
[White "Mars, Fiona"]
[Black "Porte, Jacques"]
[Result "1-0"]
[WhiteElo "1460"]
[BlackElo "1491"]
[PlyCount "70"]

1. e4 c5 2. Nf3 d6 3. d4 cxd4 4. Nxd4 Nf6 5. Nc3 a6 6. f3 e6 7. Be3 Be7 8. Qd2
Nc6 9. Nb3 O-O 10. Be2 b5 11. g4 Nd7 12. O-O-O Qc7 13. f4 Nb6 14. h4 Nc4 15.
Bxc4 bxc4 16. Nd4 Bb7 17. f5 Nxd4 18. Qxd4 e5 19. Qb6 Qb8 20. g5 Rc8 21. Bf2
Rc6 22. Qe3 f6 23. Nd5 Qf8 24. Rhg1 fxg5 25. Nxe7+ Qxe7 26. Rxg5 Rf8 27. h5 Rf6
28. Bh4 Kf8 29. Rg4 c3 30. Bxf6 cxb2+ 31. Kb1 Qxf6 32. Qg5 Kf7 33. Rdg1 Rb6 34.
Qxg7+ Qxg7 35. Rxg7+ Ke8 1-0

[Event "Open Ouest 2013/2014"]
[Site "Vitrolles"]
[Date "2014.04.10"]
[Round "9
[White "Mars, Theo"]
[Black "Mars, Florence"]
[Result "1-0"]
[WhiteElo "1150"]
[BlackElo "1210"]
[PlyCount "99"]

1. c4 e5 2. g3 Nf6 3. Bg2 Bc5 4. Nc3 Nc6 5. e3 d6 6. Na4 Bf5 7. Nxc5 dxc5 8.
Ne2 O-O 9. O-O e4 10. Nc3 Nb4 11. f3 Re8 12. fxe4 Bxe4 13. Nxe4 Nxe4 14. Qe2 c6
15. b3 a5 16. Rd1 a4 17. Bb2 a3 18. Bc3 Qd3 19. Qxd3 Nxd3 20. Rf1 Nxc3 21. dxc3
Rxe3 22. Rf3 Re1+ 23. Rxe1 Nxe1 24. Rf2 Rd8 25. Re2 Nxg2 26. Kxg2 g6 27. Kf3
Rd3+ 28. Re3 Rd2 29. Re2 Rb2 30. Ke3 Kg7 31. Kd3 f5 32. Rxb2 axb2 33. Kc2 Kf6
34. Kxb2 Ke5 35. a4 g5 36. b4 f4 37. Kc2 Ke4 38. Kd2 f3 39. b5 f2 40. Ke2 cxb5
41. cxb5 c4 42. Kxf2 Kd3 43. a5 Kxc3 44. a6 bxa6 45. bxa6 Kd3 46. a7 c3 47.
a8=Q c2 48. Qa3+ Kd2 49. Qe3+ Kd1 50. Qe1# 1-0

[Event "Open Ouest 2013/2014"]
[Site "Vitrolles"]
[Date "2014.04.12"]
[Round "9
[White "Misene, Milan"]
[Black "Chabaud, Philippe"]
[Result "1/2-1/2"]
[WhiteElo "1430"]
[BlackElo "1499"]
[PlyCount "58"]

1. e4 e6 2. d4 d5 3. e5 c5 4. c3 Nc6 5. Nf3 Qc7 6. Bb5 Nge7 7. Nbd2 Bd7 8. Nb3
cxd4 9. Nbxd4 Nxd4 10. Bxd7+ Qxd7 11. cxd4 Qb5 12. a4 Qa6 13. Bd2 Nc6 14. Qb3
Be7 15. Qb5 Qxb5 16. axb5 Nb4 17. O-O O-O 18. Rfc1 Nd3 19. Rc7 Bd8 20. Rxb7 Bb6
21. Ra3 Nxb2 22. Ba5 Rfc8 23. Bc3 Nc4 24. Ra2 h6 25. h3 Rc7 26. Rxc7 Bxc7 27.
Nd2 Nxd2 28. Bxd2 Bb6 29. Ra4 Rc8 1/2-1/2

[Event "Open Ouest 2013/2014"]
[Site "Vitrolles"]
[Date "2014.04.12"]
[Round "9"]
[White "Bertrand, Nicolas"]
[Black "Bouriel, Michel"]
[Result "1-0"]
[WhiteElo "1446"]
[BlackElo "1554"]
[PlyCount "107"]
[EventDate "2014.??.??"]

1. e4 c5 2. Nc3 Nc6 3. g3 d6 4. d3 g6 5. Bg2 Bg7 6. f4 f5 7. exf5 Bxf5 8. Nf3
Qd7 9. Bd2 Nf6 10. Qe2 O-O 11. O-O Bg4 12. Qf2 a6 13. a4 Nb4 14. Rac1 Bh3 15.
Bxh3 Qxh3 16. Qg2 Qxg2+ 17. Kxg2 Ng4 18. Rfe1 Rae8 19. h3 Nh6 20. b3 e5 21.
fxe5 dxe5 22. Ne4 Nf5 23. Nxc5 Nc6 24. c4 Rf7 25. Bc3 Bh6 26. Rb1 Ne3+ 27. Kf2
Ref8 28. Rxe3 Bxe3+ 29. Kxe3 Rxf3+ 30. Ke4 Rxg3 31. Nxb7 Rf4+ 32. Kd5 Rxd3+ 33.
Kxc6 Rf6+ 34. Kc5 Rxc3 35. b4 Rxh3 36. b5 axb5 37. axb5 e4 38. Re1 Rh5+ 39. Kb4
Re5 40. c5 e3 41. c6 Re8 42. Kc5 e2 43. c7 Re5+ 44. Kb4 Re8 45. Rxe2 Rc8 46.
Rc2 g5 47. Ka5 Kf7 48. b6 Rf5+ 49. Kb4 Rf6 50. Kc5 Ke7 51. Rd2 Rf5+ 52. Kc6
Rf6+ 53. Nd6 g4 54. b7 1-0

[Event "Open Ouest 2013/2014"]
[Site "Vitrolles"]
[Date "2014.04.12"]
[Round "9"]
[White "Person, Claude"]
[Black "Estevez, Ange"]
[Result "0-1"]
[WhiteElo "1303"]
[BlackElo "1587"]
[PlyCount "54"]

1. e4 e5 2. Nf3 Nc6 3. a3 Nf6 4. Nc3 Be7 5. d4 exd4 6. Nxd4 O-O 7. Be2 Nxd4 8.
Qxd4 d6 9. h3 c5 10. Qd3 Be6 11. Nd5 Bxd5 12. exd5 Re8 13. O-O Nd7 14. Bf4 Ne5
15. Bxe5 dxe5 16. Qe4 Bd6 17. c4 g6 18. Bf3 f5 19. Qc2 e4 20. Bd1 Qg5 21. Qe2
Re7 22. Kh1 Qf4 23. g3 Qh6 24. Kg2 f4 25. Qg4 Rf8 26. Qh4 Qxh4 27. gxf4 Qxf4
0-1